Transformaciones en las familias: análisis conceptual y hechos de la realidad /
Se analizan aspectos conceptuales y cambios fundamentales generados en las familias latinoamericanas y en Costa Rica. Se invita a reflexionar sobre la necesidad de no quedarse en el estudio de los cambios estructurales sino profundizar en el estudio de las dinámicas y el tipo de relaciones que se ge...
সংরক্ষণ করুন:
| প্রধান লেখক: | |
|---|---|
| বিন্যাস: | পাঠ্য |
| বিষয়গুলি: | |
| ট্যাগগুলো: |
ট্যাগ যুক্ত করুন
কোনো ট্যাগ নেই, প্রথমজন হিসাবে ট্যাগ করুন!
|
MARC
| LEADER | 00000 a a2200000 04500 | ||
|---|---|---|---|
| 001 | 14580 | ||
| 003 | |||
| 040 | |||
| 100 | |a Piedra Guillén, Nancy | ||
| 245 | |a Transformaciones en las familias: análisis conceptual y hechos de la realidad / |c Nancy Piedra Guillén | ||
| 520 | |a Se analizan aspectos conceptuales y cambios fundamentales generados en las familias latinoamericanas y en Costa Rica. Se invita a reflexionar sobre la necesidad de no quedarse en el estudio de los cambios estructurales sino profundizar en el estudio de las dinámicas y el tipo de relaciones que se generan al interior de la familia | ||
| 650 | |a FAMILIA | ||
| 650 | |a COMPOSICION FAMILIAR | ||
| 650 | |a CAMBIO SOCIAL | ||
| 650 | |a DINAMICA DE GRUPOS | ||
| 650 | |a CICLO DE VIDA | ||
| 650 | |a RELACIONES DE GENERO | ||
| 650 | |a AMERICA LATINA | ||
| 650 | |a COSTA RICA | ||
| 650 | |a FAMILIA | ||
| 650 | |a ESTADO CIVIL | ||
| 650 | |a COMPOSICION FAMILIAR | ||
| 773 | |g número 116; páginas35-56 | ||
| 999 | |c 21563 |d 21563 | ||
| 773 | 0 | |0 18728 |9 3027 |a Universidad de Costa Rica |d San José, Costa Rica Editorial UCR 1956- |o 07097 |t Revista de Ciencias Sociales/ |x 04825276 | |
